| 000 | 00721nam a2200229 i 4500 | ||
|---|---|---|---|
| 003 | DO-SdBNP | ||
| 005 | 20230419151146.0 | ||
| 007 | ta | ||
| 008 | 230419e2016 dr ahocgr|||| 001 ebspa d | ||
| 020 | _a9789945592184 | ||
| 040 |
_aDO-SdBNP _bspa _cBNPHU _erda |
||
| 082 | 4 |
_222 _bB862t |
|
| 100 | 1 |
_934496 _aBrito de Domínguez, Elsa |
|
| 245 | 1 | 0 |
_aTamboril: _bmi pueblo amado. / _cElsa Brito de Domínguez |
| 264 | 3 | 3 |
_aSanto Domingo : _bImpretur, SRL _c2016 |
| 300 |
_a185 páginas : _bIlustraciones, fotografías, retratos, facsímil ; _c24 cm |
||
| 336 |
_2rdaconten _atexto _btxt |
||
| 337 |
_2rdamedia _asin medición _bn |
||
| 338 |
_2rdacarrier _avolumen _bnc |
||
| 590 | _aInventariado 2023 / MF | ||
| 942 |
_2ddc _cLBS1 |
||
| 999 |
_c53316 _d53316 |
||